<?xml version="1.0" encoding="UTF-8"?>
<record
    xmlns:xsi="http://www.w3.org/2001/XMLSchema-instance"
    xsi:schemaLocation="http://www.loc.gov/MARC21/slim http://www.loc.gov/standards/marcxml/schema/MARC21slim.xsd"
    xmlns="http://www.loc.gov/MARC21/slim">

  <leader>01496cam a2200301 a 4500</leader>
  <controlfield tag="001">6164015</controlfield>
  <controlfield tag="003">OSt</controlfield>
  <controlfield tag="005">20150408114045.0</controlfield>
  <controlfield tag="008">120623s2005    moua   |      001 0 eng  </controlfield>
  <datafield tag="020" ind1=" " ind2=" ">
    <subfield code="a">9780808924</subfield>
  </datafield>
  <datafield tag="040" ind1=" " ind2=" ">
    <subfield code="c">MU</subfield>
  </datafield>
  <datafield tag="082" ind1="0" ind2="4">
    <subfield code="a">617.715 K J C</subfield>
    <subfield code="2">22</subfield>
  </datafield>
  <datafield tag="100" ind1="1" ind2=" ">
    <subfield code="a">Kanski, Jack J.</subfield>
    <subfield code="9">15927</subfield>
  </datafield>
  <datafield tag="245" ind1="1" ind2="0">
    <subfield code="a">Clinical diagnosis in ophthalmology /</subfield>
    <subfield code="c">Jack J. Kanski.</subfield>
  </datafield>
  <datafield tag="260" ind1=" " ind2=" ">
    <subfield code="a">St. Louis, Mo. ;</subfield>
    <subfield code="a">London :</subfield>
    <subfield code="b">Elsevier Mosby,</subfield>
    <subfield code="c">2006.</subfield>
  </datafield>
  <datafield tag="300" ind1=" " ind2=" ">
    <subfield code="a">ix, 601 p. :</subfield>
    <subfield code="b">col. ill. ;</subfield>
    <subfield code="c">29 cm. +</subfield>
    <subfield code="e">1 CD-ROM.</subfield>
  </datafield>
  <datafield tag="500" ind1=" " ind2=" ">
    <subfield code="a">Includes index.</subfield>
  </datafield>
  <datafield tag="500" ind1=" " ind2=" ">
    <subfield code="a">One CD-ROM in pocket attached to inside front cover.</subfield>
  </datafield>
  <datafield tag="505" ind1="0" ind2="0">
    <subfield code="g">1.</subfield>
    <subfield code="t">Eyelids --</subfield>
    <subfield code="g">2.</subfield>
    <subfield code="t">Orbit --</subfield>
    <subfield code="g">3.</subfield>
    <subfield code="t">Conjunctiva --</subfield>
    <subfield code="g">4.</subfield>
    <subfield code="t">Episclera and sclera --</subfield>
    <subfield code="g">5.</subfield>
    <subfield code="t">Dry eye --</subfield>
    <subfield code="g">6.</subfield>
    <subfield code="t">Cornea --</subfield>
    <subfield code="g">7.</subfield>
    <subfield code="t">Lens --</subfield>
    <subfield code="g">8.</subfield>
    <subfield code="t">Glaucoma --</subfield>
    <subfield code="g">9.</subfield>
    <subfield code="t">Intraocular tumours --</subfield>
    <subfield code="g">10.</subfield>
    <subfield code="t">Uveitis --</subfield>
    <subfield code="g">11.</subfield>
    <subfield code="t">Retinal detachment --</subfield>
    <subfield code="g">12.</subfield>
    <subfield code="t">Retinal vascular disease --</subfield>
    <subfield code="g">13.</subfield>
    <subfield code="t">Acquired macular disorders --</subfield>
    <subfield code="g">14.</subfield>
    <subfield code="t">Fundus dystrophies --</subfield>
    <subfield code="g">15.</subfield>
    <subfield code="t">Congential anomalies of the posterior segment --</subfield>
    <subfield code="g">16.</subfield>
    <subfield code="t">Neuro-ophthalmology --</subfield>
    <subfield code="g">17.</subfield>
    <subfield code="t">Strabismus --</subfield>
    <subfield code="g">18.</subfield>
    <subfield code="t">Trauma.</subfield>
  </datafield>
  <datafield tag="520" ind1="1" ind2=" ">
    <subfield code="a">"Clinical Diagnosis in Ophthalmology is designed to enhance your ability to correctly interpret clinical signs from the basis of diagnosis in ophthalmology."--BOOK JACKET.</subfield>
  </datafield>
  <datafield tag="650" ind1=" " ind2="0">
    <subfield code="a">Ophthalmology.</subfield>
    <subfield code="9">15928</subfield>
  </datafield>
  <datafield tag="650" ind1=" " ind2="0">
    <subfield code="a">Eye</subfield>
    <subfield code="x">Diseases</subfield>
    <subfield code="x">Diagnosis.</subfield>
    <subfield code="9">15929</subfield>
  </datafield>
  <datafield tag="650" ind1=" " ind2="2">
    <subfield code="a">Eye Diseases</subfield>
    <subfield code="x">diagnosis.</subfield>
    <subfield code="9">15930</subfield>
  </datafield>
  <datafield tag="650" ind1="1" ind2="7">
    <subfield code="a">Oogheelkunde.</subfield>
    <subfield code="2">gtt</subfield>
    <subfield code="9">15931</subfield>
  </datafield>
  <datafield tag="650" ind1="1" ind2="7">
    <subfield code="a">Diagnostiek.</subfield>
    <subfield code="2">gtt</subfield>
    <subfield code="9">15932</subfield>
  </datafield>
  <datafield tag="900" ind1=" " ind2=" ">
    <subfield code="b">TOC</subfield>
  </datafield>
  <datafield tag="942" ind1=" " ind2=" ">
    <subfield code="2">ddc</subfield>
    <subfield code="c">DVD</subfield>
  </datafield>
  <datafield tag="999" ind1=" " ind2=" ">
    <subfield code="c">24174</subfield>
    <subfield code="d">258674</subfield>
  </datafield>
  <datafield tag="952" ind1=" " ind2=" ">
    <subfield code="1">0</subfield>
    <subfield code="2">2013-03-10</subfield>
    <subfield code="4">0</subfield>
    <subfield code="7">0</subfield>
    <subfield code="a">617.715 K J C</subfield>
    <subfield code="c">c.1</subfield>
    <subfield code="d">2012-06-23</subfield>
    <subfield code="h">CL</subfield>
    <subfield code="i">00109831</subfield>
    <subfield code="m">CL</subfield>
    <subfield code="q">2015-12-22</subfield>
    <subfield code="r">2016-01-07 00:00:00</subfield>
    <subfield code="t">BOOK</subfield>
    <subfield code="w">ddc</subfield>
    <subfield code="y">1</subfield>
  </datafield>
  <datafield tag="952" ind1=" " ind2=" ">
    <subfield code="1">0</subfield>
    <subfield code="2">2013-03-10</subfield>
    <subfield code="4">0</subfield>
    <subfield code="7">0</subfield>
    <subfield code="a">617.715 K J C</subfield>
    <subfield code="c">c.2</subfield>
    <subfield code="d">2012-06-23</subfield>
    <subfield code="h">CL</subfield>
    <subfield code="i">00109832</subfield>
    <subfield code="m">CL</subfield>
    <subfield code="q">2016-10-06</subfield>
    <subfield code="r">2016-11-30 00:00:00</subfield>
    <subfield code="t">BOOK</subfield>
    <subfield code="w">ddc</subfield>
    <subfield code="y">1</subfield>
  </datafield>
  <datafield tag="952" ind1=" " ind2=" ">
    <subfield code="1">0</subfield>
    <subfield code="2">2013-03-10</subfield>
    <subfield code="4">0</subfield>
    <subfield code="7">0</subfield>
    <subfield code="a">617.715 K J C</subfield>
    <subfield code="c">c.3</subfield>
    <subfield code="d">2012-06-23</subfield>
    <subfield code="h">CL</subfield>
    <subfield code="i">00109833</subfield>
    <subfield code="m">CL</subfield>
    <subfield code="r">2013-03-10 00:00:00</subfield>
    <subfield code="t">BOOK</subfield>
    <subfield code="w">ddc</subfield>
    <subfield code="y">0</subfield>
  </datafield>
</record>
